000 02259nam0a2200349 i 4500
001 RU\NLR\BIBL_A\010806908
005 20240921115154.0
010 _a9785913072702
_975
021 _aRU
_b2015-43910
_92600
035 _a(NILC)RuMoRGB-007955734
035 _a(NLR Aleph) 010806908
090 _a10186348
_c10186348
100 _a20150721d2014 km y0rusy50 ca
101 0 _arus
102 _aRU
105 _aa z 100y0
200 1 _aБассейновые территории: проблемы и пути их решения
_eматериалы II Международной научно-практической конференции (28 мая 2014 года)
_f[ред.-сост. Г.С. Кощеева]
210 _aИшим
_cИзд-во Ишимского государственного педагогического института
_d2014
215 _a150 с.
_cил.
_d20
300 _aВ надзаг.: Российская Федерация, М-во образования и науки, Федеральное гос. бюджетное образовательное учреждение высш. проф. образования "Тюменский гос. ун-т", Фил. ФГБОУ ВПО "Тюменский гос. ун-т" в г. Ишиме (Фил. ФГБОУ ВПО "ТюмГУ" в г. Ишиме), Каф. экологии, географии и методики их преподавания
320 _aБиблиогр. в конце ст.
606 1 _aРечные бассейны
_jСъезды, совещания и т.п
_xЭколого-географические исследования
_92368775
_3RU\NLR\AUTH\661413997
686 1 _aД225.8я431(0)
686 1 _aЕ082.411я431(0)
702 1 _aКощеева
_bГ. С.
_gГалина Сергеевна
_4340
711 1 2 _a"Бассейновые территории: проблемы и пути их решения", международная научно-практическая конференция
_d2
_eИшим
_f2014
_9476574
_3RU\NLR\AUTH\880404843
801 0 _aRU
_bРГБ
_c20150617
_gRCR
942 _cBOOK
980 _aNBR